000
00309nam a22001337a 4500
999
_c
12196
_d
12196
020
_a
978-81-265-7600-5
082
_a
005.27
100
_a
Richard Blum
245
_a
PHP,MySQL and JavaScript for dummies
260
_a
New Delhi
_b
Wiley
_c
2018
300
_a
774
650
_a
Computer Science
942
_c
BK